000 00832nam a2200229 i 4500
001 106771
003 ES-MaACL
005 20250808062727.0
007 t|
008 061222s1954 sp ||||1| spa d
080 _a276(082.2)
080 _a239(02)"01"
245 0 0 _aPadres apologistas griegos (s. II) /
_cintroducciones, texto griego, versión española y notas de Daniel Ruiz Bueno.
260 _aMadrid :
_bBiblioteca de Autores Cristianos,
_c1954.
300 _a1006 p. ;
_c20 cm.
490 1 _aBiblioteca de autores cristianos ;
_v116
650 1 7 _aLiteratura cristiana primitiva
_2embne
_914529
650 1 4 _aApologética-
_vObras anteriores a 1800.
_99922
830 1 0 _aBiblioteca de autores cristianos
_v116
_9178679
852 _aES-MaACL
_jE-11465
_z- Biblioteca Jacinto Martínez Lacalle
999 _c106771
_d106771